00385nam a22001097a 4500020001800000082002500018110003400043245009600077260004900173300001600222526003700238 a9789696030232 a639.9bWORcDonation aPakistan engineering Congress aWorld water day March 2014bon the theme of water and energycPakistan engineering Congress aLahorebPakistan engineering Congress c2014 a248p.bill. a0b0c0d639_900000000000000_WOR